000 00969nam a2200301 a 4500
001 00001979
003 DO-SdBNP
005 20240730113253.0
007 00001979
008 100706s1987 sp 000 f spa d
020 _a8420725927
040 _aBPMSU
_bspa
_cBPMSU
082 4 _a863.3
_bL431t 1987
_222
092 _a863.3
_bL431t
100 1 _4Anónimo
245 1 3 _aEl lazarillo de Tormes /
_cAnónimo ; edición introducción, notas comentarios y apéndice Ángel Basanta ; dibujos Javier Serrano Pérez
260 _aMadrid :
_bBiblioteca Didáctica Anaya,
_c1987
300 _a81 p. :
_bil. ;
_c20 cm.
490 0 _aBiblioteca Didáctica Anaya
590 _aInventariado, 2024/VM
650 4 _aNovela española
650 4 _aNovela picaresca española
650 4 _aLiteratura española
700 1 _aBasanta, Ángel
_eeditor
700 1 _aSerrano Pérez, Javier
_edibujos
910 _aVMateo V. Control de calidad. BPMSU
942 _2ddc
_cBK
999 _c9861
_d9861